טוען...
How to master the art of selling
| מחבר ראשי: | |
|---|---|
| פורמט: | Printed Book |
| יצא לאור: |
Warner Books, New York
1993
|
| נושאים: |
| LEADER | 00499nam a2200193 4500 | ||
|---|---|---|---|
| 020 | |||
| 082 | |a 658.85 HOP | ||
| 100 | |a Hopkins, Tom | ||
| 245 | |a How to master the art of selling |c Hopkins, Tom | ||
| 250 | |||
| 260 | |a Warner Books, New York |c 1993 | ||
| 300 | |||
| 490 | |||
| 500 | |||
| 590 | |a Modern Book Centre | ||
| 650 | |a Selling | ||
| 942 | |c BK | ||
| 999 | |c 133760 |d 133760 | ||
| 952 | |0 0 |1 1 |4 0 |6 658_850000000000000_HOP |7 0 |9 147220 |a IMK |b IMK |l 0 |o 658.85 HOP |p IMK00857 |r 2019-10-25 |w 2019-10-25 |y BK | ||